Abqarriyat jayyati (Record no. 395454)

MARC details
000 -LEADER
fixed length control field 00665nam a2200241Ia 4500
003 - CONTROL NUMBER IDENTIFIER
control field OSt
005 - DATE AND TIME OF LATEST TRANSACTION
control field 20220924114821.0
008 - FIXED-LENGTH DATA ELEMENTS--GENERAL INFORMATION
fixed length control field 220923b |||||||| |||| 00| 0 ara d
037 ## - SOURCE OF ACQUISITION
Terms of availability Textual
040 ## - CATALOGING SOURCE
Original cataloging agency ARTS
Transcribing agency ARTS
Language of cataloging ara
041 ## - LANGUAGE CODE
Source of code ara
Language code of text/sound track or separate title ara
100 ## - MAIN ENTRY--PERSONAL NAME
Personal name Aqqad Abbas Mehmood Au.
9 (RLIN) 175552
245 #0 - TITLE STATEMENT
Title Abqarriyat jayyati
260 ## - PUBLICATION, DISTRIBUTION, ETC.
Place of publication, distribution, etc. Cairo
Name of publisher, distributor, etc. Maktaba dar-al-aruba Egypt
Date of publication, distribution, etc. 1960
300 ## - PHYSICAL DESCRIPTION
Extent 202p.
Dimensions cm.
650 ## - SUBJECT ADDED ENTRY--TOPICAL TERM
Topical term or geographic name entry element ARABIC FICTION
9 (RLIN) 64594
942 ## - ADDED ENTRY ELEMENTS (KOHA)
Classification part O28,3M89x, K0
Koha item type Textual
Source of classification or shelving scheme Colon Classification (CC)
Holdings
Withdrawn status Lost status Damaged status Not for loan Home library Current library Date acquired Total Checkouts Full call number Barcode Date last seen Price effective from Koha item type
        Arts Library Arts Library 2022-09-24   O28,3M89x K0 AL1064914 2022-09-24 2022-09-24 Textual
Copyright @ Delhi University Library System